000 00572nam a2200229Ia 4500
003 OSt
005 20221005121934.0
006 a|||||r|||| 00| 0
007 ta
008 221004b |||||||| |||| 00| 0 tam d
024 _a51967
037 _cTextual
040 _aCRL
_cCRL
_btam
041 _2tam
_atam
082 _aU8.2, 31K5
100 _aKrishnan Muthu Rama Au.
_9631279
245 0 _aIndia sthalayatrai
260 _c1965
650 _aGEOGRAPHY
942 _hU8.2, 31K5
_cTEXL
_2cc
999 _c1042766
_d1042766